000 00536nam a22002051a 4500
001 2678
003 OSt
005 20260204211821.0
008 040318s1992||||dr ||||||b||||||||||spa||
020 _a8449926548
050 _aRD 865.44 B181p
082 _aRD 808.51 B181p
100 _aBalaguer, Joaquín
245 _aPedestales: discursos históricos / Joaquín Balaguer
264 _aSanto Domingo : Corripio
300 _a167 p.
500 _aIncluye indice
650 _a1.Discursos Público 2.LiteraturaÌ
942 _2ddc
_cBK
999 _c2678
_d2678